[Event "18e tournoi d'automne - tournoi B"]
[Site "Montigny le Bretonneux"]
[Date "2019.10.23"]
[Round "5.2"]
[White "Boucher, Francis"]
[Black "Duval, Dominique"]
[Result "0-1"]
[WhiteElo "1113"]
[BlackElo "1638"]
[Annotator "Rivier,Sylvain"]
[PlyCount "60"]
[EventDate "2019.??.??"]

{Gambit dame, d�fense Tchigorine} 1. d4 d5 2. c4 Nc6 3. Nf3 Bg4 4. e3 e6 5. Be2
Nf6 6. Nc3 Bb4 7. Bd2 O-O 8. b3 Re8 9. h3 Bh5 10. Ng5 Bxe2 11. Qxe2 h6 12. Nf3
Bxc3 13. Bxc3 Ne4 14. Rc1 a5 15. Nd2 f5 16. Nxe4 fxe4 17. Kd2 Qe7 18. a4 Rf8
19. Kc2 Qg5 20. g3 Rf3 21. Rcf1 Raf8 22. Be1 Qe7 23. c5 Nb4+ 24. Bxb4 axb4 25.
h4 e5 26. Qd2 exd4 27. exd4 e3 28. Qe2 Qe4+ 29. Qd3 Rxf2+ 30. Rxf2 Rxf2+ 0-1

[Event "18e tournoi d'automne - tournoi B"]
[Site "Montigny le Bretonneux"]
[Date "2019.10.23"]
[Round "5.5"]
[White "Poletto, Claude"]
[Black "Tanchoux, Pierre"]
[Result "1-0"]
[WhiteElo "1515"]
[BlackElo "1290"]
[Annotator "Rivier,Sylvain"]
[PlyCount "63"]
[EventDate "2019.??.??"]

{D�but R�ti} 1. b3 d5 2. Bb2 Nf6 3. e3 e6 4. Nf3 c5 5. Ne5 Bd6 6. f4 O-O 7. Be2
Nfd7 8. O-O f6 9. Nxd7 Bxd7 10. Bf3 Bc6 11. Nc3 Nd7 12. g3 Qc7 13. Qe2 Nb6 14.
Qg2 Rad8 15. a4 a5 16. Nb5 Qb8 17. Nxd6 Qxd6 18. d4 c4 19. Ba3 Qd7 20. Bxf8
Rxf8 21. Qd2 Ra8 22. Rf2 Bxa4 23. bxa4 Nxa4 24. Rff1 b5 25. c3 Nb6 26. Rfb1 a4
27. Qb2 Ra5 28. Qb4 Qa7 29. Ra3 Kf7 30. Qc5 Qa6 31. Qc6 g6 32. e4 1-0

[Event "18e tournoi d'automne - tournoi B"]
[Site "Montigny le Bretonneux"]
[Date "2019.10.24"]
[Round "6.1"]
[White "Couronne, Patrice"]
[Black "Branson, James"]
[Result "0-1"]
[WhiteElo "1644"]
[BlackElo "1596"]
[Annotator "Rivier,Sylvain"]
[PlyCount "88"]
[EventDate "2019.??.??"]

{Gambit de Budapest, variante principale} 1. d4 Nf6 2. c4 e5 3. dxe5 Ng4 4. Bf4
g5 5. Bg3 Bb4+ 6. Nc3 Nc6 7. Nf3 Bxc3+ 8. bxc3 Qe7 9. Qd5 h5 10. h3 Nh6 11. e3
b6 12. Be2 Bb7 13. e6 O-O-O 14. exf7 Nxf7 15. Qd2 Rdg8 16. Nd4 Nxd4 17. Qxd4
Bxg2 18. Rh2 Bb7 19. f3 d6 20. e4 Rf8 21. a4 c5 22. Qd2 h4 23. Bf2 Ne5 24. Be3
Nxf3+ 25. Bxf3 Rxf3 26. O-O-O Qe5 27. Rg2 Rg8 28. Kb2 Rxh3 29. Bxg5 Qxe4 30.
Re2 Qxc4 31. Bf6 Bf3 32. Qxd6 Qxe2+ 33. Rd2 Qe8 34. Qf4 Qe4 35. Qd6 Bg4 36. a5
Qe6 37. Qf4 Rf3 38. Qa4 Qxf6 39. Qa3 Rf2 40. Rxf2 Qxf2+ 41. Kb3 Bd1+ 42. Kc4
Rg4+ 43. Kb5 Be2+ 44. Kc6 Rg6+ 0-1

[Event "18e tournoi d'automne - tournoi B"]
[Site "Montigny le Bretonneux"]
[Date "2019.10.24"]
[Round "6.2"]
[White "Couradin, Jean-Marie"]
[Black "Fayolle, Guy"]
[Result "1-0"]
[WhiteElo "1596"]
[BlackElo "1639"]
[Annotator "Rivier,Sylvain"]
[PlyCount "51"]
[EventDate "2019.??.??"]

{D�but Ponziani} 1. e4 e5 2. Nf3 Nc6 3. c3 Nf6 4. d4 exd4 5. e5 Nd5 6. cxd4
Bb4+ 7. Bd2 Be7 8. Nc3 Nxc3 9. bxc3 d6 10. Bb5 Bd7 11. Qe2 O-O 12. O-O a6 13.
Bd3 dxe5 14. d5 Nb8 15. Nxe5 Bd6 16. f4 Re8 17. Bxh7+ Kf8 18. Qh5 Qe7 19. Rae1
Bxe5 20. fxe5 Qc5+ 21. Kh1 Qxd5 22. Be4 Qxa2 23. Bxb7 Nc6 24. Bxa8 Rxa8 25.
Qh8+ Ke7 26. Bg5+ 1-0

[Event "18e tournoi d'automne - tournoi B"]
[Site "Montigny le Bretonneux"]
[Date "2019.10.24"]
[Round "6.4"]
[White "Poletto, Claude"]
[Black "Montay, Jean-Paul"]
[Result "1-0"]
[WhiteElo "1515"]
[BlackElo "1328"]
[Annotator "Rivier,Sylvain"]
[PlyCount "63"]
[EventDate "2019.??.??"]

{Ouverture anglaise} 1. b3 d5 2. Bb2 Nf6 3. e3 e6 4. Nf3 Be7 5. c4 c6 6. Be2
O-O 7. O-O a6 8. d4 Nbd7 9. Nc3 b6 10. Rc1 Bb7 11. cxd5 cxd5 12. Rc2 b5 13. Nb1
Rc8 14. Rxc8 Qxc8 15. Bd3 Qb8 16. Re1 Ne4 17. Nfd2 f5 18. f3 Ng5 19. Qe2 Rf6
20. f4 Nf7 21. Nf3 Rh6 22. Rc1 Qe8 23. Qc2 Nd6 24. Qc7 Bc8 25. Ba3 Bd8 26. Qxd6
Be7 27. Qxe7 Qxe7 28. Bxe7 Kf7 29. Bd6 Nb8 30. Rc6 Nd7 31. Rxc8 Nf6 32. Ne5#
1-0

[Event "18e tournoi d'automne - tournoi B"]
[Site "Montigny le Bretonneux"]
[Date "2019.10.24"]
[Round "6.5"]
[White "Farwagi, Pierre"]
[Black "Boucher, Francis"]
[Result "1-0"]
[WhiteElo "1384"]
[BlackElo "1113"]
[Annotator "Rivier,Sylvain"]
[PlyCount "49"]
[EventDate "2019.??.??"]

{Partie espagnole, d�fense Morphy} 1. e4 e5 2. Nf3 Nc6 3. Bb5 a6 4. Ba4 Nf6 5.
d3 b5 6. Bb3 Bc5 7. c3 O-O 8. O-O d6 9. h3 Na5 10. Bc2 Nc6 11. Re1 Re8 12. Bg5
h6 13. Bh4 Bb7 14. d4 Bb6 15. Nbd2 exd4 16. cxd4 Nxd4 17. Nxd4 Bxd4 18. Rb1 Re6
19. Bb3 Re8 20. Qc2 Qe7 21. Qd3 Be5 22. Nf3 Bh2+ 23. Kxh2 Bxe4 24. Qd4 d5 25.
Bxf6 {suite illisible} 1-0

[Event "18e tournoi d'automne - tournoi B"]
[Site "Montigny le Bretonneux"]
[Date "2019.10.25"]
[Round "7.1"]
[White "Boucher, Francis"]
[Black "Couronne, Patrice"]
[Result "0-1"]
[WhiteElo "1113"]
[BlackElo "1644"]
[Annotator "Rivier,Sylvain"]
[PlyCount "60"]
[EventDate "2019.??.??"]

{D�fense est-indienne} 1. d4 Nf6 2. c4 d6 3. Nf3 g6 4. Bf4 Bg7 5. e3 O-O 6. h3
Nbd7 7. Nc3 Re8 8. Bd3 c5 9. O-O h6 10. Re1 Nh5 11. Bh2 e5 12. Ne4 Nb6 13. Be2
f5 14. Ng3 Nxg3 15. Bxg3 cxd4 16. exd4 f4 17. Bh2 Bf5 18. dxe5 dxe5 19. Qxd8
Raxd8 20. Red1 g5 21. Ne1 e4 22. Rxd8 Rxd8 23. c5 Na4 24. Bc4+ Kh7 25. g4 Bc8
26. Rb1 Nxb2 27. Rc1 Nxc4 28. Rxc4 Rd4 29. Rc3 Rd1 30. Kf1 Bxc3 0-1

[Event "18e tournoi d'automne - tournoi B"]
[Site "Montigny le Bretonneux"]
[Date "2019.10.25"]
[Round "7.2"]
[White "Fayolle, Guy"]
[Black "Poletto, Claude"]
[Result "1-0"]
[WhiteElo "1639"]
[BlackElo "1515"]
[Annotator "Rivier,Sylvain"]
[PlyCount "45"]
[EventDate "2019.??.??"]

{D�fense sicilienne} 1. e4 c5 2. Nf3 g6 3. d4 cxd4 4. Qxd4 Nf6 5. e5 Nc6 6. Qa4
Nd5 7. Qe4 Nc7 8. Nc3 Bg7 9. Bc4 O-O 10. Be3 d5 11. exd6 Qxd6 12. O-O Ne5 13.
Rad1 Nxf3+ 14. Qxf3 Qf6 15. Qg3 e5 16. f4 Bf5 17. fxe5 Qxe5 18. Qf2 Ne6 19.
Bxa7 Rac8 20. Bxe6 Bxe6 21. Bd4 Qc7 22. Bxg7 Kxg7 23. a3 1-0

[Event "18e tournoi d'automne - tournoi B"]
[Site "Montigny le Bretonneux"]
[Date "2019.10.25"]
[Round "7.3"]
[White "Duval, Dominique"]
[Black "Farwagi, Pierre"]
[Result "1/2-1/2"]
[WhiteElo "1638"]
[BlackElo "1384"]
[Annotator "Rivier,Sylvain"]
[PlyCount "84"]
[EventDate "2019.??.??"]

{Ouverture du pion dame, d�fense est-indienne} 1. d4 Nf6 2. Nf3 g6 3. e3 Bg7 4.
Nbd2 O-O 5. Bd3 d6 6. O-O Nbd7 7. c3 Re8 8. e4 c5 9. d5 Ng4 10. Qc2 a6 11. c4
Rb8 12. Rb1 b5 13. b3 Nge5 14. Bb2 Qa5 15. Be2 Nxf3+ 16. Nxf3 Qxa2 17. Rfc1 Qa5
18. Bxg7 Kxg7 19. Ra1 Qb6 20. Qc3+ Kg8 21. Nd2 b4 22. Qg3 Nf8 23. h4 e6 24. Bd3
e5 25. h5 Ra8 26. Nf3 Qd8 27. Ng5 Qf6 28. Nh3 h6 29. Rf1 Bxh3 30. Qxh3 g5 31.
Rae1 Kh8 32. Re3 Ra7 33. Rf3 Qg7 34. Rf5 Nh7 35. Re1 a5 36. Bc2 Rg8 37. g4 Nf6
38. Qf3 Nh7 39. Ra1 Rf8 40. Ra4 Ra6 41. Bd3 Ra7 42. Qd1 Nf6 1/2-1/2

[Event "18e tournoi d'automne - tournoi B"]
[Site "Montigny le Bretonneux"]
[Date "2019.10.25"]
[Round "7.4"]
[White "Branson, James"]
[Black "Couradin, Jean-Marie"]
[Result "1/2-1/2"]
[WhiteElo "1596"]
[BlackElo "1596"]
[Annotator "Rivier,Sylvain"]
[PlyCount "104"]
[EventDate "2019.??.??"]

{D�fense fran�aise, variante Tarrasch ferm�e} 1. e4 e6 2. d4 d5 3. Nd2 Nf6 4.
e5 Nfd7 5. Bd3 c5 6. c3 Nc6 7. Ne2 cxd4 8. cxd4 f6 9. f4 f5 10. O-O Be7 11. a3
a5 12. Nf3 O-O 13. Bd2 Nb6 14. b3 a4 15. Bb5 axb3 16. Qxb3 Na7 17. Bd3 Bd7 18.
Rfb1 Nac8 19. Bb4 Rf7 20. Bxe7 Rxe7 21. Nc3 Bc6 22. a4 Rc7 23. Qb4 Nd7 24. Nb5
Bxb5 25. axb5 Rxa1 26. Rxa1 Ndb6 27. Qb1 Rc3 28. Kf2 Qc7 29. g4 g6 30. Ng5 Qe7
31. gxf5 gxf5 32. h4 h6 33. Nf3 Qg7 34. Qb4 Rxd3 35. Rg1 Qxg1+ 36. Nxg1 Kf7 37.
Nf3 Ne7 38. Ke2 Rxf3 39. Kxf3 Nc4 40. h5 b6 41. Ke2 Ng8 42. Qe1 Na3 43. Qg3
Nxb5 44. Qg6+ Kf8 45. Kd3 Nc7 46. Qh7 Ne8 47. Qb7 Ne7 48. Qxb6 Kf7 49. Ke3 Ng7
50. Qd8 Nxh5 51. Qh8 Ng8 52. Qh7+ Ng7 1/2-1/2

[Event "18e tournoi d'automne - tournoi B"]
[Site "Montigny le Bretonneux"]
[Date "2019.10.25"]
[Round "7.5"]
[White "Montay, Jean-Paul"]
[Black "Tanchoux, Pierre"]
[Result "0-1"]
[WhiteElo "1328"]
[BlackElo "1290"]
[Annotator "Rivier,Sylvain"]
[PlyCount "74"]
[EventDate "2019.??.??"]

{D�fense sicilienne} 1. e4 c5 2. Nf3 d6 3. Bc4 e6 4. Bb5+ Bd7 5. Bxd7+ Qxd7 6.
O-O Nf6 7. Re1 Nc6 8. d4 cxd4 9. Nxd4 Nxd4 10. Qxd4 Be7 11. Nc3 O-O 12. e5 dxe5
13. Qxe5 Bd6 14. Qe2 a6 15. Bg5 Nd5 16. Nxd5 exd5 17. a3 Qc7 18. g3 Rac8 19.
Rac1 Qc6 20. Qg4 Rfe8 21. Bh6 Bf8 22. Bd2 Bc5 23. b4 Ba7 24. Qf3 Re6 25. Rxe6
fxe6 26. Be3 Rf8 27. Qe2 d4 28. Bf4 Re8 29. Qe5 Qc3 30. Qc7 Qxc7 31. Bxc7 e5
32. Kf1 e4 33. Re1 e3 34. fxe3 dxe3 35. c3 Rc8 36. Be5 Rf8+ 37. Bf4 g5 0-1

[Event "18e tournoi d'automne - tournoi B"]
[Site "Montigny le Bretonneux"]
[Date "2019.10.26"]
[Round "8.1"]
[White "Couronne, Patrice"]
[Black "Duval, Dominique"]
[Result "0-1"]
[WhiteElo "1644"]
[BlackElo "1638"]
[Annotator "Rivier,Sylvain"]
[PlyCount "86"]
[EventDate "2019.??.??"]

{Gambit dame, d�fense Tchigorine} 1. d4 d5 2. c4 Nc6 3. e3 e5 4. Nf3 Bg4 5. Be2
Bb4+ 6. Bd2 Bxd2+ 7. Nbxd2 e4 8. Ng1 Bxe2 9. Nxe2 Nf6 10. Nf4 O-O 11. O-O Re8
12. c5 a5 13. Nb1 Ne7 14. Nc3 c6 15. Na4 Nc8 16. Rc1 Ra6 17. Qe2 Ne7 18. Rc3
Ng6 19. Nxg6 hxg6 20. Rb3 Qc7 21. Rc1 Nd7 22. Rcc3 f5 23. Rc2 Kf7 24. f4 Rh8
25. g4 Rh3 26. Qg2 Rh4 27. gxf5 gxf5 28. Qf1 Ra8 29. Rg2 Rah8 30. Qe1 Nf6 31.
Rc3 Ng4 32. Rcc2 g5 33. Rce2 gxf4 34. exf4 Qxf4 35. Qd2 e3 36. Qc2 Kf6 37. Nc3
Nf2 38. Rexf2 exf2+ 39. Rxf2 Qg5+ 40. Kf1 Rf4 41. Rxf4 Qxf4+ 42. Ke1 Rxh2 43.
Qd3 Qf2+ 0-1

[Event "18e tournoi d'automne - tournoi B"]
[Site "Montigny le Bretonneux"]
[Date "2019.10.26"]
[Round "8.2"]
[White "Montay, Jean-Paul"]
[Black "Fayolle, Guy"]
[Result "0-1"]
[WhiteElo "1328"]
[BlackElo "1639"]
[Annotator "Rivier,Sylvain"]
[PlyCount "42"]
[EventDate "2019.??.??"]

{Partie italienne} 1. e4 e5 2. Nf3 Nc6 3. Bc4 Nf6 4. Nc3 Bc5 5. O-O d6 6. d3
Bg4 7. Be3 Nd4 8. Bxd4 exd4 9. Na4 Nd7 10. h3 Bh5 11. g4 Bg6 12. Nxc5 dxc5 13.
e5 Qe7 14. Re1 O-O-O 15. a3 Nb6 16. b3 h5 17. Nd2 Kb8 18. Qf3 hxg4 19. Qxg4 Rh4
20. Qg3 Rdh8 21. Nf3 Rxh3 0-1

[Event "18e tournoi d'automne - tournoi B"]
[Site "Montigny le Bretonneux"]
[Date "2019.10.26"]
[Round "8.3"]
[White "Poletto, Claude"]
[Black "Branson, James"]
[Result "0-1"]
[WhiteElo "1515"]
[BlackElo "1596"]
[Annotator "Rivier,Sylvain"]
[PlyCount "56"]
[EventDate "2019.??.??"]

{D�but R�ti} 1. b3 d5 2. Bb2 c5 3. e3 e6 4. Nf3 Nf6 5. Be2 Nc6 6. O-O Bd6 7. d4
cxd4 8. exd4 Qc7 9. c4 b6 10. Nc3 a6 11. cxd5 exd5 12. Rc1 Bb7 13. Bd3 O-O 14.
h3 Bf4 15. Rc2 Qd7 16. a3 Rfe8 17. Re1 Rxe1+ 18. Qxe1 Re8 19. Re2 Bd6 20. Rxe8+
Nxe8 21. Qe2 Nc7 22. Ne5 Bxe5 23. dxe5 d4 24. Na4 Qe6 25. Qe4 g6 26. Bxd4 Nd8
27. Qh4 Qd5 28. f3 Nce6 0-1

[Event "18e tournoi d'automne - tournoi B"]
[Site "Montigny le Bretonneux"]
[Date "2019.10.26"]
[Round "8.4"]
[White "Couradin, Jean-Marie"]
[Black "Boucher, Francis"]
[Result "1-0"]
[WhiteElo "1596"]
[BlackElo "1113"]
[Annotator "Rivier,Sylvain"]
[PlyCount "61"]
[EventDate "2019.??.??"]

{Partie du pion dame} 1. d4 d5 2. Nf3 Nc6 3. Bf4 Bf5 4. e3 Nf6 5. Nbd2 Nb4 6.
Rc1 Nxa2 7. Ra1 Nb4 8. Bb5+ c6 9. Ba4 Na6 10. O-O h6 11. h3 e6 12. Ne5 Bd6 13.
Ndf3 Be4 14. Bxc6+ bxc6 15. Rxa6 Qc7 16. Rxc6 Qb8 17. Nxf7 Bxf4 18. Nxh8 Bd6
19. Nh4 Kd7 20. Rxd6+ Kxd6 21. Nf7+ Ke7 22. Ne5 Qxb2 23. c4 dxc4 24. Nxc4 Qb4
25. Ne5 a5 26. Qc1 Ra6 27. Qc7+ Nd7 28. Qxd7+ Kf6 29. Qf7+ Kg5 30. Qxg7+ Kh5
31. Qg4# 1-0

[Event "18e tournoi d'automne - tournoi B"]
[Site "Montigny le Bretonneux"]
[Date "2019.10.26"]
[Round "8.5"]
[White "Tanchoux, Pierre"]
[Black "Farwagi, Pierre"]
[Result "0-1"]
[WhiteElo "1290"]
[BlackElo "1384"]
[Annotator "Rivier,Sylvain"]
[PlyCount "62"]
[EventDate "2019.??.??"]

{D�fense sicilienne} 1. e4 c5 2. Nf3 d6 3. h3 Nc6 4. Bc4 Nf6 5. d3 e6 6. Nc3 a6
7. a4 g6 8. O-O Bg7 9. Be3 O-O 10. Qd2 Re8 11. Bh6 Bh8 12. Ne2 Rb8 13. a5 b6
14. axb6 Qxb6 15. Rab1 Re7 16. Qf4 d5 17. Bg5 Nh5 18. Qh4 Reb7 19. c3 dxc4 20.
g4 cxd3 21. gxh5 dxe2 22. Rfe1 Qb5 23. h6 Qd3 24. Qf4 Rxb2 25. Bf6 Rxb1 26.
Bxh8 Rxe1+ 27. Kg2 Rbb1 28. Qf6 Rg1+ 29. Nxg1 Rxg1+ 30. Kh2 Rh1+ 31. Kg2 Qxh3#
0-1

[Event "18e tournoi d'automne - tournoi B"]
[Site "Montigny le Bretonneux"]
[Date "2019.10.27"]
[Round "9.1"]
[White "Farwagi, Pierre"]
[Black "Couronne, Patrice"]
[Result "0-1"]
[WhiteElo "1384"]
[BlackElo "1644"]
[Annotator "Rivier,Sylvain"]
[PlyCount "62"]
[EventDate "2019.??.??"]

{D�fense sicilienne, attaque yougoslave} 1. e4 c5 2. Nf3 g6 3. d4 cxd4 4. Nxd4
Bg7 5. Nc3 d6 6. Be3 Nf6 7. f3 O-O 8. Qd2 Nc6 9. Bc4 a6 10. O-O-O Ne5 11. Bb3
Bd7 12. h4 b5 13. g4 Nc4 14. Bxc4 bxc4 15. h5 Rb8 16. hxg6 fxg6 17. Bh6 Rf7 18.
Bxg7 Rxg7 19. Nde2 Qb6 20. b3 a5 21. Nd5 Nxd5 22. Qxd5+ Kh8 23. Qxc4 Bb5 24.
Qd4 Bxe2 25. Rxh7+ Kxh7 26. Rh1+ Kg8 27. Qd5+ Rf7 28. Qg5 Rg7 29. Qd5+ Rf7 30.
Qg5 d5 31. Qxg6+ Qxg6 0-1

[Event "18e tournoi d'automne - tournoi B"]
[Site "Montigny le Bretonneux"]
[Date "2019.10.27"]
[Round "9.2"]
[White "Fayolle, Guy"]
[Black "Tanchoux, Pierre"]
[Result "1-0"]
[WhiteElo "1639"]
[BlackElo "1290"]
[Annotator "Rivier,Sylvain"]
[PlyCount "85"]
[EventDate "2019.??.??"]

{Défense sicilienne, variante de Scheveningue} 1. e4 c5 2. Nf3 d6 3. d4 cxd4
4. Nxd4 Nf6 5. Nc3 a6 6. Be3 e6 7. f4 Nc6 8. Be2 Be7 9. g4 Nxd4 10. Bxd4 e5 11.
fxe5 dxe5 12. Bxe5 O-O 13. Qxd8 Rxd8 14. h3 b5 15. a3 Bb7 16. Bd3 Nd7 17. Bg3
Nc5 18. O-O-O Rac8 19. Kb1 Rd7 20. Nd5 Nxd3 21. Nxe7+ Rxe7 22. cxd3 Rd7 23.
Rhe1 f6 24. e5 fxe5 25. Bxe5 Rf7 26. Re3 Bd5 27. Rde1 Bb3 28. Bc3 h6 29. Re7
Rcf8 30. Kc1 Rxe7 31. Rxe7 Rf1+ 32. Kd2 Bf7 33. Ke2 Rh1 34. Re3 Bd5 35. Re7 Bf7
36. Re3 Bd5 37. Kf2 Rh2+ 38. Kg3 Rg2+ 39. Kf4 Kf7 40. Ke5 Ba8 41. Kd6 Rh2 42.
Re7+ Kg6 43. Rxg7# 1-0

[Event "18e tournoi d'automne - tournoi B"]
[Site "Montigny le Bretonneux"]
[Date "2019.10.27"]
[Round "9.3"]
[White "Duval, Dominique"]
[Black "Couradin, Jean-Marie"]
[Result "1-0"]
[WhiteElo "1638"]
[BlackElo "1596"]
[Annotator "Rivier,Sylvain"]
[PlyCount "79"]
[EventDate "2019.??.??"]

{Partie du pion dame} 1. d4 Nf6 2. Nc3 d5 3. Bf4 e6 4. e3 a6 5. a3 c5 6. Nf3
Bd6 7. Bxd6 Qxd6 8. Ne5 Nc6 9. f4 Ne7 10. g4 b6 11. Bg2 Bb7 12. Qe2 Ne4 13.
Bxe4 dxe4 14. dxc5 Qxc5 15. Rd1 Bd5 16. Rd4 f6 17. Nc4 Qc6 18. Nxe4 O-O 19. Qd3
Rfd8 20. O-O Qc7 21. Nc3 b5 22. Nxd5 Nxd5 23. Nd2 Rac8 24. c3 Nb6 25. Qe2 Na4
26. Nf3 Nc5 27. Rfd1 Rxd4 28. exd4 Nd7 29. Qxe6+ Kh8 30. Re1 Nf8 31. Qe4 Qd7
32. f5 g6 33. Re2 g5 34. Nd2 a5 35. Kf2 Qd6 36. Kg1 b4 37. axb4 axb4 38. c4 Nd7
39. b3 Ra8 40. Qxa8+ 1-0

[Event "18e tournoi d'automne - tournoi B"]
[Site "Montigny le Bretonneux"]
[Date "2019.10.27"]
[Round "9.4"]
[White "Branson, James"]
[Black "Montay, Jean-Paul"]
[Result "1-0"]
[WhiteElo "1596"]
[BlackElo "1328"]
[Annotator "Rivier,Sylvain"]
[PlyCount "66"]
[EventDate "2019.??.??"]

{D�fense fran�aise, variante Tarrasch ferm�e} 1. e4 e6 2. d4 d5 3. Nd2 Nf6 4.
e5 Nfd7 5. Bd3 c5 6. c3 Nc6 7. Ne2 cxd4 8. cxd4 f6 9. f4 Be7 10. Nf3 O-O 11. a3
fxe5 12. fxe5 b6 13. Qc2 Bb7 14. Bxh7+ Kh8 15. Qg6 Qe8 16. O-O Qxg6 17. Bxg6
Ba6 18. Rf2 Bxe2 19. Rxe2 b5 20. Be3 Nb6 21. Rd1 Nc4 22. Bg5 Rac8 23. h4 Bxg5
24. Nxg5 Ne7 25. Bf7 Nf5 26. Bxe6 Nce3 27. Bxc8 Nxd1 28. Bxf5 Rxf5 29. e6 Rf8
30. Nf7+ Kg8 31. Nd6 Rf2 32. Rxf2 Nxf2 33. e7 Nh3+ 1-0

[Event "18e tournoi d'automne - tournoi B"]
[Site "Montigny le Bretonneux"]
[Date "2019.10.27"]
[Round "9.5"]
[White "Boucher, Francis"]
[Black "Poletto, Claude"]
[Result "1/2-1/2"]
[WhiteElo "1113"]
[BlackElo "1515"]
[Annotator "Rivier,Sylvain"]
[PlyCount "86"]
[EventDate "2019.??.??"]

{Gambit dame} 1. d4 Nf6 2. Bf4 e6 3. c4 d5 4. Nc3 Bb4 5. Bd2 O-O 6. e3 c5 7.
Nf3 Nc6 8. a3 Bxc3 9. Bxc3 Ne4 10. Qc2 Nxc3 11. Qxc3 cxd4 12. Nxd4 Nxd4 13.
Qxd4 dxc4 14. Qxd8 Rxd8 15. Bxc4 b6 16. O-O Bb7 17. b4 Rac8 18. Rac1 g6 19. Be2
Kf8 20. Rfe1 Ke7 21. f3 Rd7 22. Rxc8 Bxc8 23. e4 e5 24. Kf2 Rd2 25. Ke3 Ra2 26.
Rc1 Rxa3+ 27. Kf2 Bd7 28. Rc7 Kd6 29. Rb7 h5 30. Bc4 Be6 31. Bb5 Rb3 32. Rxa7
Rxb4 33. Be8 Rd4 34. Bxf7 Bxf7 35. Rxf7 Ke6 36. Rh7 Rb4 37. Kg3 g5 38. h4 gxh4+
39. Kxh4 Rb2 40. Rxh5 Rxg2 41. Rh6+ Kf7 42. Rxb6 Rg1 43. Kh3 Rg5 1/2-1/2